000 00409nam a22001697a 4500
003 MPLRDC
005 20220104124902.0
008 210129b ||||| |||| 00| 0 eng d
082 _a857.9 WLS-15 v.3
100 _a卧龙生著
245 _a还情剑. 三
_c
250 _a再版
260 _a
_b文天出版有限公司
_c1986
300 _b
650 _a武侠小说
942 _cBK
_o857.9 WLS-15 v.3
999 _c22934
_d22924